ARRUPE JESUIT UNIVERSITY

CORONAVIRUS -STOP THE SPREAD - CLEAN,DISINFECT,COVER

The choctaw of Bayou Lacomb : (Record no. 123840)

MARC details
000 -LEADER
fixed length control field 00498nam a22001457a 4500
005 - DATE AND TIME OF LATEST TRANSACTION
control field 20151210110319.0
008 - FIXED-LENGTH DATA ELEMENTS--GENERAL INFORMATION
fixed length control field 151207b xxu||||| |||| 00| 0 eng d
050 ## - LIBRARY OF CONGRESS CALL NUMBER
Classification number E90.C8
Item number B9
100 ## - MAIN ENTRY--PERSONAL NAME
Personal name Bushnell, David Jr
9 (RLIN) 21231
245 ## - TITLE STATEMENT
Title The choctaw of Bayou Lacomb :
Statement of responsibility, etc / David I Bushnell
Remainder of title St. Tammany Parish Louisiana
260 ## - PUBLICATION, DISTRIBUTION, ETC. (IMPRINT)
Place of publication, distribution, etc Washington
Name of publisher, distributor, etc Governament Printing Office
Date of publication, distribution, etc 1909
300 ## - PHYSICAL DESCRIPTION
Extent ix, 37p.;
Dimensions 24cm.
440 ## - SERIES STATEMENT/ADDED ENTRY--TITLE
Title Bureau of American Ethnology
Number of part/section of a work Bulletin 48
9 (RLIN) 21306
942 ## - ADDED ENTRY ELEMENTS (KOHA)
Source of classification or shelving scheme Library of Congress Classification
Item type Monograph ( Printed materials)
Holdings
Withdrawn status Lost status Source of classification or shelving scheme Damaged status Not for loan Collection code Home library Current library Shelving location Date acquired Total Checkouts Full call number Barcode Date last seen Price effective from Koha item type
    Library of Congress Classification     Main Collection ARRUPE LIBRARY ARRUPE LIBRARY Main Collection 07/12/2015   E90.C8B9 46500005747 13/12/2017 07/12/2015 Monograph ( Printed materials)

 

Arrupe Library. PO Box MP320 Mt Pleasant, Harare, Zimbabwe
263 242 745411|librarian@aju.ac.zw